| 000 | 00502nam a2200169Ia 4500 | ||
|---|---|---|---|
| 003 | GCL | ||
| 008 | 140319s9999 xx 000 0 ara d | ||
| 040 |
_aGCL / _cGCL |
||
| 082 | 0 | 4 |
_a809 _bا ن |
| 100 | 1 | _aانور المعداوى | |
| 245 | 1 | 0 |
_aنماذج فنية من الادب والنقد (هديو من الاديب عبدالفتاح الجمل) / _cانور المعداوى |
| 300 | _a252 ص | ||
| 490 | _a | ||
| 650 | 0 | 4 | _aالنقد |
| 650 | 0 | 4 | _aتاريخ ونقد |
| 942 |
_2ddc _cBK |
||
| 999 |
_c40631 _d40631 |
||